000 00652nam a22002297a 4500
003 UA-OsUOA
001 100507
007 ta
008 20130528b un ||||| |||| 00| 0 ukr d
100 _aЩеглов Ю.
090 _a82.09 (40+571)
_bЩ33
942 _cBK
040 _aUA-OsUOA
_brus
_cUA-OsUOA
_dUA-OsUOA
245 _aЛюбите людей
_bстатьи, дневники, письма
300 _a512 с.
955 _a3
041 _arus
080 _a82.09 (40+571)
260 _aМ.
_bСоветский писатель
_c1987
650 7 _a82 Література. Літературознавство
_2UDC
999 _c387146
_d387146